000 01958nas a2200277Ia 4500
001 R050-R1492
003 IT-CnALBA
008 170116c99999999xx |||||||||||| ||und||
040 _aIT-CnALBA
_cIT-CnALBA
041 _aITALIANO
100 _aNICHOLSON MICHAEL
210 _aREADER'S DIGEST
222 _aREADER'S DIGEST
245 0 _aSELEZIONE DAL READER'S DIGEST. MAGGIO 1994. ANNO XLVI. PAGINE SCELTE SEMPRE ATTUALI FORMATO TASCABILE.
250 _a1a ed.
260 _aMILANO
_bSELEZIONE DAL READER'S DIGEST
_c1994
300 _a176 p. (prefazione: 16)
310 _aMENSILE
362 _aFascicolo: 5 / Anno: 46 (1994)
500 _aFUGA DA SARAJEVO. NEGOZIATI DI MAASTRICHT. NUOVA CONQUISTA DEL K2. APERTO IL CHUNNEL TRA FRANCIA E INGHILTERRA. GUIDA PER GLI ORMONI SESSUALI FEMMINILI. MURALES, PROPOSTA PER L'ORNAMENTO DELL'AMBIENTE. DIETA MEDITERRANEA E ALTRE DIETE. DRAMMI VISSUTI, SOSPESI SULL'ABISSO. ACCOLTA PER LE TESTUGGINI, RISERVA MAPUDALAND SUDAFRICA. BEST SELLER, TRIMARANO NELLA TEMPESTA. SIKORSKI R. HURT H. MCCALL S. BORDEWICH F. M. PARVIN J. ADEGUAMENTO DEL NUOVO VIETNAM. CAMICIA DI NOTTE, STORIA D'AMORE. VIOLENZA CRIMINALE IN USA. VILLA RICOSTRUITA COME LA POLONIA.
501 _aSocietà San Paolo EM - Piazza San Paolo, 14 - 12051 ALBA (CN) (non commercial uses only) ® Copyright 2017
520 _aFUGA DA SARAJEVO. NEGOZIATI DI MAASTRICHT. NUOVA CONQUISTA DEL K2. APERTO IL CHUNNEL TRA FRANCIA E INGHILTERRA. GUIDA PER GLI ORMONI SESSUALI FEMMINILI. MURALES, PROPOSTA PER L'ORNAMENTO DELL'AMBIENTE. DIETA MEDITERRANEA E ALTRE DIETE. DRAMMI VISSUTI, SOSPESI SULL'ABISSO. ACCOLTA PER LE TESTUGGINI, RISERVA MAPUDALAND SUDAFRICA. BEST SELLER, TRIMARANO NELLA TEMPESTA. SIKORSKI R. HURT H. MCCALL S. BORDEWICH F. M. PARVIN J. ADEGUAMENTO DEL NUOVO VIETNAM. CAMICIA DI NOTTE, STORIA D'AMORE. VIOLENZA CRIMINALE IN USA. VILLA RICOSTRUITA COME LA POLONIA.
650 _aRIVISTE VARIE
942 _cCR
957 _71
999 _a11469
_bNO
_g1
_c319567
_d319567